000 00190 a2200097 4500
020 _a0-9654921-2-5
041 _aspa
100 _aMarijo Moore
245 _aSpirit voices of bones
942 _cBK
999 _c9253
_d9253